01054nam a2200277Ia 4500001001200000003000800012006001900020007001500039008004100054020001500095040002100110035002100131050002300152245008500175260005900260300001100319490003800330533015200368650002200520650002400542655002900566700001900595710001700614856012600631999001900757ebr10146671CaPaEBRm u cr cn|||||||||000815s2006 enk s 000 0 eng d z1846630705 aCaPaEBRcCaPaEBR a(OCoLC)18253029814aHB615b.E68 2006eb00aEntrepreneurship educationh[electronic resource] /cguest editor: Harry Matlay. aBradford, England :bEmerald Group Publishing,cc2006. a124 p.0 aEducation + Training ;v48, no. 5 aElectronic reproduction.bPalo Alto, Calif. :cebrary,d2009.nAvailable via World Wide Web.nAccess may be limited to ebrary affiliated libraries. 0aEntrepreneurship. 0aCareer development. 7aElectronic books.2local1 aMatlay, Harry.2 aebrary, Inc.40uhttp://site.ebrary.com/lib/rucke/Doc?id=10146671zAn electronic book accessible through the World Wide Web; click to view c190253d190253